Statistics for Ultimate Logo Quiz

Click here to take the quiz!

General Stats

  • This quiz has been taken 118 times
  • The average score is 132 of 192

Answer Stats

Answer% Correct
shell
99%
apple
96%
wikipedia
96%
pepsi
95%
adidas
94%
amazon
94%
taco bell
94%
target
94%
google
93%
lego
93%
microsoft
93%
monster
93%
playstation
93%
pringles
93%
puma
93%
twitter
93%
xbox
93%
facebook
92%
firefox
92%
instagram
92%
kfc
92%
mcdonalds
92%
pizza hut
92%
starbucks
92%
burger king
89%
ikea
89%
lg
89%
nike
89%
nintendo
89%
snapchat
89%
snickers
89%
spotify
89%
toyota
89%
yahoo!
89%
dove
88%
gmail
88%
mastercard
88%
red bull
88%
visa
88%
domino's
87%
netflix
87%
paypal
87%
dell
86%
gucci
86%
lays
86%
skype
86%
youtube
86%
beats by dre
85%
coca-cola
85%
ford
85%
jetpunk
85%
monopoly
85%
samsung
85%
sprite
85%
tesla
85%
t-mobile
85%
volkswagen
85%
audi
83%
gatorade
83%
levi strauss
83%
safari
83%
subway
83%
ups
83%
wendys
83%
android
82%
doritos
82%
mountain dew
82%
air jordan
81%
bbc
81%
dunkin donuts
81%
hyundai
81%
marvel
81%
new balance
81%
pampers
81%
honda
80%
louis vuitton
80%
michelin
80%
walmart
80%
bmw
79%
dreamworks
79%
internet explorer
79%
itunes
79%
the north face
79%
chanel
77%
nickelodeon
77%
reeses
76%
under armour
76%
lacoste
75%
atari
74%
bic
74%
excel
74%
intel
74%
mercedes
74%
reddit
74%
bp
73%
lexus
73%
motorola
73%
nestle
73%
chickfila
71%
dolby
71%
ferrari
71%
harley-davidson
71%
jaguar
71%
heineken
70%
nbc
70%
nerf
70%
warner brothers
70%
best buy
69%
blockbuster
69%
kellogs
69%
lipton
69%
umbro
68%
baskin robbins
67%
costco
67%
mazda
67%
mitsubishi
67%
rayban
67%
american airlines
65%
bentley
65%
ibm
65%
mr clean
65%
rolex
65%
dodge
64%
skoda
64%
fruit of the loom
63%
john deere
63%
tide
63%
wilson
63%
yamaha
63%
converse
62%
nissan
62%
subaru
62%
at&t
61%
hersheys
61%
mini
61%
arby's
60%
kraft
58%
quaker oats
58%
suzuki
58%
fiat
57%
jif
57%
porsche
57%
volvo
57%
arm and hammer
56%
kodak
56%
new york times
56%
seat
55%
tiffany
55%
xerox
52%
cadillac
51%
mustang
51%
cheerios
50%
alfa romeo
49%
chevorlet
49%
citroen
49%
dole
49%
tostitos
49%
firestone
48%
gerber
48%
knorr
48%
peugeot
48%
infiniti
46%
mattel
46%
lufthansa
45%
bacardi
43%
corvette
43%
klondike
43%
verizon
43%
barclays
42%
cbs
42%
acura
40%
hertz
40%
maserati
40%
goodyear
37%
ing
37%
lincoln
37%
opel
36%
qantas
36%
american express
35%
lululemon
35%
buick
33%
chiquita
31%
chevron
30%
swarovski
30%
hoover
29%
big boy
26%
aol
23%
scion
21%
mortons
17%
tivo
14%
starter
13%
aol instant messenger
10%

Score Distribution

Percentile by Number Answered

Percent of People with Each Score

Your Score History

You have not taken this quiz